000
00346nam a2200133Ia 4500
008
151001s9999||||xx |||||||||||||| ||und||
100
_a
लीला गोळे
245
_a
परिवर्तन
250
_a
1
260
_b
मनोरमा प्रकाशन मुंबई
260
_c
2013
300
_a
147
365
_b
18
999
_c
999745
_d
999742